000 00864cam a22002651 4500
001 787
003 BD-RjUL
005 20211208233230.0
008 131123m1968 enkafh 001 0 eng d
035 _a(BD-RjUL)807
040 _aDLC
_cDLC
_dDLC
_beng
041 _aeng
082 0 0 _a026.954
_216
_bGUI 1968
110 2 _aIndia Office Library.
_94836
245 1 2 _aA guide to the India Office Library:
_bwith a note on the India Office Records /
_cby S. C. Sutton, Librarian, Keeper of the Records.
260 _aLondon:
_bH.M.S.O.,
_cc1967[reprented 1968]
300 _axii, 122 p.
_b17 plates, illus. (incl. 1 col.), facsims.
_c22 cm.
350 _a27/6
610 2 0 _aIndia Office Library.
_94837
650 0 _aLibrary resources
_zEngland
_zLondon.
_92352
700 1 _aSutton, S. C.
_92353
942 _2ddc
_cBK
999 _c787
_d787